[Event "Vladimir op"]
[Site "Suzdal"]
[Date "2016.08.12"]
[Round "8"]
[White "Egorov, Pavel"]
[Black "Kravchenko, Vladimir V"]
[Result "1/2-1/2"]
[WhiteElo "2249"]
[BlackElo "2377"]
[PlyCount "61"]
[EventDate "2016.08.05"]
[EventType "tourn"]
[EventRounds "9"]
[EventCountry "RUS"]
[SourceTitle "EXT 2018"]
[Source "ChessBase"]
[SourceDate "2017.10.13"]
[SourceVersion "1"]
[SourceVersionDate "2017.10.13"]
[SourceQuality "1"]

1. d4 e6 2. e4 d5 3. exd5 exd5 4. Bd3 Bd6 5. Ne2 Ne7 6. Bf4 Bf5 7. Bxf5 Nxf5 8. Bxd6 Nxd6 9. Nbc3 c6 10. 0-0 0-0 11. Re1 Re8 12. Ng3 Nd7 13. Rxe8+ Qxe8 14. Qe1 Qxe1+ 15. Rxe1 Re8 16. Rxe8+ Nxe8 17. Kf1 f6 18. Ke2 g6 19. Kd3 Kf7 20. a4 a6 21. b4 b5 22. axb5 axb5 23. h4 f5 24. h5 Nef6 25. hxg6+ hxg6 26. f3 f4 27. Nge2 g5 28. g3 fxg3 29. Nxg3 Ke6 30. Nce2 Nf8 31. Ke3 1/2-1/2

[Event "Northwest-ch Seniors"]
[Site "Petrozavodsk"]
[Date "2008.01.28"]
[Round "8"]
[White "Stebunov, Alexander A"]
[Black "Kravchenko, Vladimir V"]
[Result "1/2-1/2"]
[WhiteElo "2022"]
[BlackElo "2453"]
[PlyCount "40"]
[EventDate "2008.01.21"]
[EventType "swiss"]
[EventRounds "9"]
[EventCountry "RUS"]
[SourceTitle "EXT 2010"]
[Source "ChessBase"]
[SourceDate "2010.11.25"]
[SourceVersion "1"]
[SourceVersionDate "2010.11.25"]
[SourceQuality "1"]

1. e4 c5 2. Nf3 Nf6 3. e5 Nd5 4. Nc3 e6 5. Nxd5 exd5 6. d4 Nc6 7. dxc5 Bxc5 8. Qxd5 Qb6 9. Bc4 Bxf2+ 10. Ke2 0-0 11. Rf1 Bc5 12. Ng5 Nd4+ 13. Kd1 Ne6 14. Ne4 Be7 15. Bd3 Qc6 16. Nc3 d6 17. Be3 Rd8 18. Kd2 Bf8 19. exd6 Qxd5 20. Nxd5 Bxd6 1/2-1/2

[Event "Northwest-ch Seniors"]
[Site "Petrozavodsk"]
[Date "2008.01.23"]
[Round "3"]
[White "Kravchenko, Vladimir V"]
[Black "Karpov, Alexander"]
[Result "0-1"]
[WhiteElo "2453"]
[BlackElo "2325"]
[PlyCount "82"]
[EventDate "2008.01.21"]
[EventType "swiss"]
[EventRounds "9"]
[EventCountry "RUS"]
[SourceTitle "EXT 2010"]
[Source "ChessBase"]
[SourceDate "2010.11.25"]
[SourceVersion "1"]
[SourceVersionDate "2010.11.25"]
[SourceQuality "1"]

1. e4 c5 2. Nf3 d6 3. Bb5+ Bd7 4. Bxd7+ Nxd7 5. c4 g6 6. 0-0 Ngf6 7. Nc3 Bg7 8. b3 0-0 9. Qc2 a6 10. Bb2 e6 11. d4 cxd4 12. Nxd4 Qc7 13. Rac1 Rac8 14. Qd2 Rfd8 15. h3 Qc5 16. Rfd1 Qh5 17. Nde2 Ne5 18. Nf4 Qg5 19. Qe3 Bh6 20. Nce2 Nh5 21. g3 Ng7 22. Rc3 b5 23. cxb5 Rxc3 24. Bxc3 axb5 25. Kg2 Ne8 26. Qb6 Nd7 27. Qa5 Rc8 28. Nd3 Bg7 29. Bxg7 Kxg7 30. Nd4 Ndf6 31. e5 dxe5 32. Qxb5 Qh5 33. g4 Nxg4 34. Nxe6+ Kh6 35. Rh1 Ne3+ 36. fxe3 Rc2+ 37. Nf2 Qf5 38. Rf1 Qxe6 39. Kg1 Nf6 40. a4 Rc3 41. Qb4 Rxe3 0-1

[Event "Moscow Rector Cup"]
[Site "Moscow"]
[Date "2006.07.13"]
[Round "14"]
[White "Kravchenko, Vladimir V"]
[Black "Ivanov, Pavel"]
[Result "1-0"]
[WhiteElo "2424"]
[BlackElo "2244"]
[PlyCount "107"]
[EventDate "2006.07.02"]
[EventType "tourn"]
[EventRounds "15"]
[EventCountry "RUS"]
[SourceTitle "EXT 2008"]
[Source "ChessBase"]
[SourceDate "2007.11.25"]
[SourceVersion "1"]
[SourceVersionDate "2007.11.25"]
[SourceQuality "1"]

1. e4 e5 2. Nf3 Nc6 3. d4 exd4 4. Nxd4 Nf6 5. Nxc6 bxc6 6. e5 Qe7 7. Qe2 Nd5 8. c4 Nb6 9. Nc3 Qe6 10. Qe4 Ba6 11. b3 0-0-0 12. Bb2 Re8 13. c5 Bxf1 14. cxb6 Ba6 15. bxa7 Kb7 16. Ne2 Bc5 17. 0-0 Bxa7 18. Rfd1 h5 19. Nf4 Qg4 20. h3 Qg3 21. Bd4 Bxd4 22. Qxd4 Qg5 23. Nd3 Bxd3 24. Rxd3 Qxe5 25. Qxe5 Rxe5 26. Rxd7 Rf8 27. Kf1 g6 28. Re1 Rxe1+ 29. Kxe1 c5 30. Kd2 Kc6 31. Re7 Kd6 32. Re4 Ra8 33. Ra4 Rxa4 34. bxa4 c4 35. Kc3 Kc5 36. a5 Kb5 37. a6 Kxa6 38. Kxc4 Kb6 39. h4 Kc6 40. f3 Kb6 41. g4 Kc6 42. g5 Kb6 43. a4 Ka5 44. Kc5 Kxa4 45. Kc6 Kb4 46. Kxc7 Kc4 47. Kd6 Kd4 48. Ke7 Ke3 49. Kxf7 Kxf3 50. Kxg6 Kg4 51. Kf6 Kxh4 52. g6 Kg3 53. g7 h4 54. g8Q+ 1-0

[Event "Moscow Rector Cup"]
[Site "Moscow"]
[Date "2006.07.04"]
[Round "4"]
[White "Kravchenko, Vladimir V"]
[Black "Belov, Igor"]
[Result "1/2-1/2"]
[WhiteElo "2424"]
[BlackElo "2424"]
[PlyCount "27"]
[EventDate "2006.07.02"]
[EventType "tourn"]
[EventRounds "15"]
[EventCountry "RUS"]
[SourceTitle "EXT 2008"]
[Source "ChessBase"]
[SourceDate "2007.11.25"]
[SourceVersion "1"]
[SourceVersionDate "2007.11.25"]
[SourceQuality "1"]

1. e4 g6 2. d4 c6 3. h3 Bg7 4. c3 d5 5. e5 Bf5 6. g4 Be6 7. Bd3 h5 8. g5 Nd7 9. Ne2 Qb6 10. Qb3 Bf5 11. Bxf5 gxf5 12. Qxb6 Nxb6 13. Be3 e6 14. Nd2 1/2-1/2

[Event "Moscow Rector Cup"]
[Site "Moscow"]
[Date "2006.07.03"]
[Round "3"]
[White "Alexandrova, Varvara"]
[Black "Kravchenko, Vladimir V"]
[Result "0-1"]
[WhiteElo "2212"]
[BlackElo "2424"]
[PlyCount "80"]
[EventDate "2006.07.02"]
[EventType "tourn"]
[EventRounds "15"]
[EventCountry "RUS"]
[SourceTitle "EXT 2008"]
[Source "ChessBase"]
[SourceDate "2007.11.25"]
[SourceVersion "1"]
[SourceVersionDate "2007.11.25"]
[SourceQuality "1"]

1. c4 c6 2. d4 d5 3. Nf3 Nf6 4. cxd5 cxd5 5. Nc3 a6 6. g3 b5 7. a3 Bb7 8. Bf4 Nbd7 9. Bg2 e6 10. Rc1 Be7 11. 0-0 0-0 12. Ne5 Nxe5 13. Bxe5 Rc8 14. Qd3 Nd7 15. Bf4 Nb6 16. e4 dxe4 17. Bxe4 Bxe4 18. Nxe4 Qd5 19. Rxc8 Rxc8 20. b4 Nc4 21. Nc3 Qd8 22. Ne4 Rc6 23. Rc1 Ne5 24. Qb1 Rxc1+ 25. Bxc1 Qxd4 26. Bb2 Qd3 27. Qxd3 Nxd3 28. Bd4 f5 29. Nc5 e5 30. Bc3 Nxc5 31. bxc5 Bxc5 32. Bxe5 Bxa3 33. Kf1 Bc5 34. f3 Kf7 35. Ke2 g6 36. Kd3 Ke6 37. Bc7 Bb4 38. Bb6 a5 39. Kc2 Kd5 40. Kb3 Kc6 0-1